Statystyki dla Rozpoznaj grę wideo po ikonicznym cytacie

Kliknij tutaj aby rozwiązać quiz!

Ogólne statystyki

  • Ten quiz został rozwiązany 10 razy
  • Średni wynik to 17 z 50

Statystyki odpowiedzi

CytatTytuł gry% Poprawnych
Wake the fuck up, samurai! We have a city to burn.Cyberpunk 2077
78%
Ah shit, here we go again.Grand Theft Auto: San Andreas
78%
The cake is a lie.Portal
78%
If I'm to choose between one evil and another, I'd rather not choose at all.The Witcher 3: Wild Hunt
78%
It's time to kick ass and chew bubblegum... and I'm all outta gum.Duke Nukem 3D
67%
I’m Commander Shepard, and this is my favorite store on the Citadel.Mass Effect 2
67%
Hey, you, you're finally awake.The Elder Scrolls V: Skyrim
67%
Did I ever tell you the definition of insanity?Far Cry 3
56%
Sir... finishing this fight.Halo 2
56%
You must construct additional pylons.StarCraft
56%
Do a barrel roll.Star Fox 64
56%
It's dangerous to go alone! Take this.The Legend Of Zelda
56%
You want to know something funny? Even after everything you’ve done, I would have saved you.Batman: Arkham City
44%
50,000 people used to live here. Now it's a ghost town.Call of Duty 4: Modern Warfare
44%
Rock and stone!Deep Rock Galactic
44%
Stay a while and listen.Diablo
44%
The right man in the wrong place can make all the difference in the world.Half-Life 2
44%
You are up againist the wall and I am the fucking wall.PAYDAY 2
44%
You are not a clown. You are the entire circus.Phoenix Wright: Ace Attorney
44%
Grass grows, birds fly, the sun shines, and brother, I hurt people.Team Fortress 2
44%
To prove your love and devotion, I require a sacrifice.The Binding of Isaac
44%
It’s a-me, Mario.Assassin’s Creed II
33%
A man chooses; a slave obeys.Bioshock
33%
What is a man? A miserable little pile of secrets.Castlevania: Symphony of the Night
33%
Wow, you really left her hanging.Doki Doki Literature Club!
33%
And the game was over and the player woke up from the dream. And the player began a new dream. And the player dreamed again, dreamed better. And the player was the universe. And the player was love. You are the player. Wake up.Minecraft
33%
I like shorts! They’re comfy and easy to wear!Pokemon Red
33%
Not even a Blood Moon can stop capitalism. Let's do some business.Terraria
33%
You'd just come after her.The Last Of Us
33%
This fern will be very important later in the story. Make sure you study it closely and remember it carefully.The Stanley Parable
33%
Despite everything, it's still you.Undertale
33%
Nothing is more badass than treating a woman with respect.Borderlands 2
22%
I don't need a weapon; my friends are my power!Kingdom Hearts
22%
A true master is an eternal student.League of Legends
22%
Kept you waiting, huh?Metal Gear Solid V: Ground Zeroes
22%
Chat disabled for 3 seconds.Rocket League
22%
All your base are belong to us.Zero Wing
22%
If our lives are already written, it would take a courageous man to change the script.Alan Wake
11%
This is a land of monstrosities. And I am no exception.Dark Souls
11%
I survived because the fire inside me burned brighter than the fire around me.Fallout: New Vegas
11%
Do not feel bad about it. We are alive, after all. And being alive is pretty much a constant stream of embarrassment.NieR:Automata
11%
If you find yourself in a hole, the first thing to do is stop diggin'.Red Dead Redemption
11%
Where's everyone going? Bingo?Resident Evil 4
11%
I don't even have time to explain why I don't have time to explain.Destiny
0%
Even in dark times, we cannot relinquish the things that make us human.Metro 2033
0%
Existence is beautiful, if you let it be. Life is not a question. There does not need to be an answer.No Man's Sky
0%
Life is all about resolve. Outcome is secondary.Ōkami
0%
What is a drop of rain, compared to the storm? What is a thought, compared to the mind?System Shock 2
0%
Frogs are people too.The Talos Principle
0%
You know what it feels like being beaten, almost to death? Peaceful. It’s like I was floating away. And then I woke up again.The Walking Dead
0%

Rozkład punktacji

Percentyl według liczby udzielonych odpowiedzi

Procent ludzi z każdym wynikiem

Twoja historia wyników

Nie rozwiązałeś tego quizu